000 00236 a2200097 4500
001 32105
100 _aLoveday, George
245 _aDigital and Analogue Electronics for HNC
260 _aEngland
_bLongman
_c1993
090 _c21550
_d21550
942 _aNUST-CAE
_cM
_c12837
999 _c267178
_d267178